000
00314nam a22001337a 4500
020
_a
91-8205-254-8
082
_a
634.9
_b
GHO/D
100
_a
GHOSH, AJAY KUMAR
245
_a
ACADEMIC DICTIONARY OF FORESTRY
260
_a
DELHI
_b
ISHA BOOKS
_c
2005
300
_a
276
650
_a
BIOLOGY REFERENCE
_z
INDIA
942
_c
BK
999
_c
1400
_d
1400